Память сибиряков о ссыльных декабристах; Прогрессивные технологии и экономика в машиностроении. Естественные и гуманитарные науки

Bibliografiske detaljer
Parent link:Прогрессивные технологии и экономика в машиностроении. Естественные и гуманитарные науки.— 2019.— [С. 42-45]
Hovedforfatter: Кадукова И. С.
Institution som forfatter: Национальный исследовательский Томский политехнический университет (ТПУ) Юргинский технологический институт (филиал) (ЮТИ) Отделение промышленных технологий (ОПТ)
Andre forfattere: Есаулов В. Н. Владимир Николаевич (научный руководитель)
Summary:Заглавие с экрана
Научная статья посвящается исследованию отношений коренного населения Сибири к отправленным в этот суровый край на рудники, каторгу, поселения «государственным преступникам» - декабристам. Автором предпринята попытка проследить процесс проявления лучших качеств декабристов в невыносимых жизненных условиях, особое внимание в исследовании уделено землякам - декабристам живших в Томске.
Sprog:russisk
Udgivet: 2019
Fag:
Online adgang:http://earchive.tpu.ru/handle/11683/53134
Format: Electronisk Book Chapter
KOHA link:https://koha.lib.tpu.ru/cgi-bin/koha/opac-detail.pl?biblionumber=629327

MARC

LEADER 00000naa2a2200000 4500
001 629327
005 20240617092304.0
035 |a (RuTPU)RU\TPU\conf\29851 
035 |a RU\TPU\conf\29850 
090 |a 629327 
100 |a 20190418d2019 k y0rusy50 ca 
101 0 |a rus 
102 |a RU 
105 |a y z 101zy 
135 |a drgn ---uucaa 
181 0 |a i  
182 0 |a b 
200 1 |a Память сибиряков о ссыльных декабристах  |f Е. С. Прудников  |g науч. рук. В. Н. Есаулов 
203 |a Текст  |c электронный 
300 |a Заглавие с экрана 
320 |a [Библиогр.: с. 45 (5 назв.)] 
330 |a Научная статья посвящается исследованию отношений коренного населения Сибири к отправленным в этот суровый край на рудники, каторгу, поселения «государственным преступникам» - декабристам. Автором предпринята попытка проследить процесс проявления лучших качеств декабристов в невыносимых жизненных условиях, особое внимание в исследовании уделено землякам - декабристам живших в Томске. 
463 1 |0 629252  |t Прогрессивные технологии и экономика в машиностроении. Естественные и гуманитарные науки  |d 2019  |9 629252  |a Зернин, Е. А. (специалист в области сварочного производства ; 1977-)  |c Томск  |n Изд-во ТПУ  |o отдельный выпуск  |p 1 файл(1,8 Mb)  |u http://earchive.tpu.ru/handle/11683/53071  |v [С. 42-45] 
610 1 |a электронный ресурс 
610 1 |a труды учёных ТПУ 
610 1 |a память 
610 1 |a декабристы 
610 1 |a ссыльные 
610 1 |a коренное население 
610 1 |a бескорыстие 
610 1 |a юридическая помощь 
610 1 |a медицинская помощь 
700 1 |a Кадукова  |b И. С. 
702 1 |a Есаулов  |b В. Н.  |c экономист  |c доцент Юргинского технологического института (филиала) Томского политехнического университета, кандидат экономических наук  |f 1946-  |g Владимир Николаевич  |4 727  |9 11225 
712 0 2 |a Национальный исследовательский Томский политехнический университет (ТПУ)  |b Юргинский технологический институт (филиал) (ЮТИ)  |b Отделение промышленных технологий (ОПТ)  |3 (RuTPU)RU\TPU\col\24717 
801 2 |a RU  |b 63413507  |c 20190419  |g RCR 
856 4 |u http://earchive.tpu.ru/handle/11683/53134 
942 |c BK